Enigmas de la Biblia

Guardat en:
Dades bibliogràfiques
Autor principal: Alvarez Valdés, Ariel (Autor)
Format: Llibre
Idioma:espanyol
Publicat: Santiago Revista Mensaje 2006
Edició:3a. ed
Matèries:
Etiquetes: Afegir etiqueta
Sense etiquetes, Sigues el primer a etiquetar aquest registre!

MARC

LEADER 00000cam a2200000 a 4500
001 UCI2084
003 CL-VaPUC
008 070803e20060000CL |||||||||||||||||spa|d
082 0 4 |a 220.6  |b ALV  |2 21 
100 0 |a Alvarez Valdés, Ariel  |e author  |9 522953 
245 1 0 |a Enigmas de la Biblia 
250 |a 3a. ed 
300 |a 312 p 
942 |c BK 
945 |d 20070803 00:00:00  |a rbrito 
260 |a Santiago  |b Revista Mensaje  |c 2006 
650 0 |a Exégesis   |9 365279 
650 0 |a Biblia  |9 257603 
650 0 |a Textos sagrados   |9 257605 
650 0 |a Antiguo testamento   |9 313678 
650 0 |a Nuevo testamento  |9 257604 
650 0 |a Teología   |9 258766 
583 |a last modification  |c 20181211 11:55:55  |k Rodrigo Vera 
999 |c 326731  |d 326729 
952 |0 0  |1 0  |4 0  |6 220_600000000000000_ALV_2006  |7 0  |8 A  |9 408844  |a BIBTEO  |b BIBTEO  |d 2019-11-22  |i 436161K  |o 220.6 ALV 2006  |p 436161K  |r 2025-01-17  |w 2019-11-22  |y BK  |k ICR 
952 |0 0  |1 0  |3 erb  |4 0  |6 220_600000000000000_ALV_2006  |7 0  |8 A  |9 408845  |a BIBTEO  |b BIBTEO  |e Precht Pizarro, Jorge Enrique  |i 5520630  |o 220.6 ALV 2006  |p 5520630  |r 2025-01-17  |w 2019-11-22  |y BK  |z Catalogado en:20181213  |k ICR